000 00515cam a22002171 4500
001 sa 64000398
003 DLC
005 20260227111955.0
008 890913s1962 ii a 000 0 hino
010 _asa 64000398
035 _a(OCoLC)20337425
040 _aDLC
_cWaU
_dDLC
042 _apremarc
050 0 0 _aBL1470
_b.L85
100 1 _aLūn̲iyā, Jotamala.
245 1 0 _aBuddha citrāvalī.
260 _c[1962]
300 _a48 p.
_billus.
_c23 cm.
500 _aIn Hindi.
600 0 0 _aGautama Buddha.
999 _c56192
_d56192